|
|
|
|
| LEADER |
00000nab a2200000 a 4500 |
| 001 |
vtls010733160 |
| 003 |
SK-MaSNL |
| 005 |
20260304194525.0 |
| 008 |
250709s1996 xo |||||||||||||||||slo| |
| 035 |
|
|
|a (urnnbn)urn:nbn:sk:snk:ar-a05cn2
|
| 035 |
|
|
|a (uuid)284fb4b6-fdb5-44a4-af64-8fb3ee89fd51
|
| 035 |
|
|
|a urn:nbn:sk:snk-ab3vba
|
| 040 |
|
|
|a SNKBUCL
|b slo
|c SNKBUCL
|e AACR2
|
| 041 |
0 |
|
|a slo
|
| 044 |
|
|
|a xo
|c SK
|
| 100 |
1 |
|
|a Makai, František,
|d 1933-2009
|4 aut
|9 212267
|
| 245 |
1 |
0 |
|a LIEČBA CHRONICKEJ BOLESTI POHYBOVÉHO APARÁTU U STARŠÍCH
|c F. Makai
|
| 773 |
0 |
|
|t Geriatria : odborný časopis českých a slovenských geriatrov
|g Roč. 2, č. 3-4 (1996), s. 48-50
|
| 850 |
|
|
|a Slovenská národná knižnica
|
| 852 |
|
|
|a Slovenská národná knižnica
|
| 954 |
|
|
|a odborná, vedecká literatúra pôvodná (slovenská)
|2 lita
|
| 958 |
|
|
|a article1
|
| 958 |
|
|
|a OND
|
| 958 |
|
|
|a EUIPO
|
| 999 |
|
|
|c 3074811
|d 3076741
|